| 000 | 00491 a2200193 4500 | ||
|---|---|---|---|
| 003 | OSt | ||
| 005 | 20180116182803.0 | ||
| 008 | 160825b xxu||||| |||| 00| 0 eng d | ||
| 020 | _a8175540893 | ||
| 040 | _c0 | ||
| 082 | _a658.404 SAD 1999 | ||
| 100 | _aPhilip Sadler | ||
| 245 |
_aDesigning Organizations _cPhilip Sadler |
||
| 250 | _a3rd | ||
| 260 |
_aNew Delhi _bKogan Page _c1999 |
||
| 300 |
_a170 p. _bPB |
||
| 440 | _aDesigning Organizations | ||
| 942 |
_aNBS _cBK _k658.404 SAD _2ddc |
||
| 999 |
_c345984 _d345984 |
||